000 00475nam a2200181Ia 4500
005 20250423100659.0
008 250422s9999 xx 000 0 und d
020 _a978-0-07-061729-2
050 _aHD 47.4 .C43/
100 _aChandra, Prasanna
245 0 _aProjects : planning, analysis, selection, financing, implementation and review
250 _a6th ed.
260 _aNew Delhi
260 _bMcGraw-Hill
260 _c2006
650 _aManagement
942 _cBK
999 _c34042
_d34042